| 000 | 00588nam a2200217Ia 4500 | ||
|---|---|---|---|
| 005 | 20231106102014.0 | ||
| 008 | 131103s9999 xx 000 0 und d | ||
| 020 |
_a8185356106 _cRs.460 |
||
| 040 | _aLoreto College | ||
| 041 | _aEnglish | ||
| 082 |
_a 796.03 _bJAI |
||
| 245 |
_aJaitley's Sports Dictionary _cedited by S.L.Jaitley |
||
| 250 | _a2nd ed. | ||
| 260 |
_aBhopal _bServices Publishing House _c1989 |
||
| 300 |
_a2 v. _b illus. |
||
| 440 | _aJaitley's Sports Dictionary | ||
| 650 | _aSports - Dictionaries | ||
| 700 | _aJaitley,S.L.ed. | ||
| 850 | _aLCLIB | ||
| 942 | _cBK | ||
| 999 |
_c17683 _d68162 |
||